Chansons de Twice - Mort subite - Statistiques

Statistiques générales
  • Ce quiz a été pris 476 fois
  • Le résultat moyen est 18 sur 23
Answers on the Grid
Answers color-coded by a green-red scale on the quiz's grid according to % correct below.
FANCY
Kill This Love
Peek-A-Boo
What is Love
TT
MORE & MORE
Likey
WANNABE
CHEER UP
Signal
Alcohol-Free
Egotistic
Feel Special
The Feels
MOONLIGHT SUNRISE
LOVE FOOLISH
La Vie en Rose
ASAP
SET ME FREE
Doughnut
MANIAC
CRY FOR ME
Look At Me
One More Time
Knock Knock
Dance The Night Away
Supernova
SAY SOMETHING
WA DA DA
RUN2U
Gone
Like Ooh-Ahh
Heart Shaker
Lion Heart
Why Not?
 
Statistiques - réponses
Réponse % Correct
FANCY
99%
What is Love
89%
CHEER UP
88%
TT
88%
Alcohol-Free
87%
Feel Special
87%
MORE & MORE
87%
The Feels
86%
Dance The Night Away
84%
Likey
84%
CRY FOR ME
82%
Signal
82%
Like Ooh-Ahh
81%
SET ME FREE
78%
Knock Knock
77%
MOONLIGHT SUNRISE
75%
Heart Shaker
74%
Look At Me
71%
Doughnut
68%
LOVE FOOLISH
58%
One More Time
53%
SAY SOMETHING
47%
Gone
31%
Aucun quiz correspondant
Distribution des résultats
% des personnes avec chaque résultat
Percentile par nombre de réponses
Votre historique - résultats
Vous n’avez pas pris ce quiz